Ciencias de la tierra y del medio ambiente: 2§ bachillerato

Gespeichert in:
Bibliographische Detailangaben
Hauptverfasser: Calvo, Diodora (VerfasserIn), Molina, María Teresa (VerfasserIn), Salvachúa, Joaquín (VerfasserIn)
Format: Buch
Sprache:Spanisch
Veröffentlicht: Madrid Mc Graw-Hill 1996
Ausgabe:1a. ed
Schlagworte:
Tags: Tag hinzufügen
Keine Tags, Fügen Sie den ersten Tag hinzu!

MARC

LEADER 00000nam a2200000 a 4500
001 UCR9065
003 CL-VaPUC
008 980613e19960000SP |||||||||||||||||spa|d
082 0 4 |a 551  |b CAL  |2 21 
100 0 |a Calvo, Diodora  |e author  |9 411223 
700 0 |a Molina, María Teresa  |e author  |9 411224 
700 0 |a Salvachúa, Joaquín  |e author  |9 411225 
245 1 0 |a Ciencias de la tierra y del medio ambiente: 2§ bachillerato 
250 |a 1a. ed 
300 |a 333 p 
942 |c BK 
945 |d 19980613 00:00:00  |a aalvarez 
260 |a Madrid  |b Mc Graw-Hill  |c 1996 
650 0 |a Ciencias de la tierra  |9 261541 
650 0 |a Geología   |9 260984 
650 0 |a Medio ambiente  |9 257625 
650 7 |a CIENCIAS AMBIENTALES  |2 CL-VaPUC  |9 344897 
650 0 |a Clima  |9 265281 
650 7 |a TIERRA  |2 CL-VaPUC  |9 261538 
650 7 |a BIOSFERA  |2 CL-VaPUC  |9 264378 
650 7 |a RECURSOS DE AGUA  |2 CL-VaPUC  |9 261958 
650 0 |a Recursos energéticos  |9 263206 
583 |a last modification  |c 19980613 00:00:00  |k Rodrigo Vera 
999 |c 270312  |d 270310 
952 |0 0  |1 0  |4 0  |6 551_000000000000000_CAL_1996  |7 0  |8 A  |9 304542  |a BIBING  |b BIBING  |d 2019-11-20  |i 3430480  |o 551 CAL 1996  |p 3430480  |r 2025-01-20  |w 2019-11-20  |y BK  |k GEO